书目信息 |
| 题名: |
跳舞的文字 会呼吸的写作课
|
|
| 作者: | 包利民 著 | |
| 分册: | ||
| 出版信息: | 南京 江苏凤凰文艺出版社 2021.06 |
|
| 页数: | 245页 | |
| 开本: | 24cm | |
| 丛书名: | 大语文阅读与写作系列 | |
| 单 册: | ||
| 中图分类: | H15 | |
| 科图分类: | ||
| 主题词: | 汉语--han yu--写作--研究 | |
| 电子资源: | ||
| ISBN: | 978-7-5594-5474-4 | |
| 000 | 00941nam 2200265 450 | |
| 001 | 0100029102 | |
| 005 | 20211025120205.0 | |
| 010 | @a978-7-5594-5474-4@dCNY42.00 | |
| 100 | @a20210625d2021 em y0chiy50 ea | |
| 101 | 0 | @achi |
| 102 | @aCN@b320000 | |
| 105 | @ay z 000yy | |
| 106 | @ar | |
| 200 | 1 | @a跳舞的文字 会呼吸的写作课@Atiao wu de wen zi hui hu xi de xie zuo ke@f包利民著 |
| 210 | @a南京@c江苏凤凰文艺出版社@d2021.06 | |
| 215 | @a245页@d24cm | |
| 225 | 2 | @a大语文阅读与写作系列@Ada yu wen yue du yu xie zuo xi lie |
| 314 | @a包利民, 畅销书作家, 中高考现代文阅读热点作家。 | |
| 330 | @a本书分为基础篇、技巧篇、提升篇、实战篇、操作篇、思维篇六部分。主要内容包括: 结构是一把神奇的钥匙 ; 让文章的语言如花绽放等。 | |
| 410 | 0 | @12001 @a大语文阅读与写作系列 |
| 606 | 0 | @a汉语@Ahan yu@x写作@x研究 |
| 690 | @aH15@v5 | |
| 701 | 0 | @a包利民@Abao li min@4著 |
| 801 | 0 | @aCN@c20210909 |
| 905 | @a河南城建学院图书馆@dH15@eB217 | |
| 跳舞的文字 会呼吸的写作课/包利民著.-南京:江苏凤凰文艺出版社,2021.06 |
| 245页;24cm.-(大语文阅读与写作系列) |
| ISBN 978-7-5594-5474-4:CNY42.00 |
| 本书分为基础篇、技巧篇、提升篇、实战篇、操作篇、思维篇六部分。主要内容包括: 结构是一把神奇的钥匙 ; 让文章的语言如花绽放等。 |
| ● |
| 相关链接 |
|
|
|
正题名:跳舞的文字 会呼吸的写作课
索取号:H15/B217
 
预约/预借
| 序号 | 登录号 | 条形码 | 馆藏地/架位号 | 状态 | 备注 |
| 1 | 1547666 | 215476660 | 语言库209/209语言库 73排4列3层/ [索取号:H15/B217] | 在馆 | |
| 2 | 1547667 | 215476679 | 语言库209/209语言库 73排4列3层/ [索取号:H15/B217] | 在馆 |